| 000 | 00756nam a2200229 u 4500 | ||
|---|---|---|---|
| 005 | 20240228063932.0 | ||
| 008 | 080528s2006 r 000 0 eng d | ||
| 020 | _a9875792810 (10 dígitos) | ||
| 020 | _a9789875792814 (13 dígitos) | ||
| 035 | _aUPN01000156456 | ||
| 049 | _aI | ||
| 050 | 4 |
_aPZ71 _bS5.57 |
|
| 100 | 1 |
_aShua, Ana María, _d1951- _931901 |
|
| 245 | 1 | 0 |
_aOsiris, el rey de los muertos / _cAna María Shua ; il. Leo Arias. |
| 260 |
_aBuenos Aires : _bEl Gato de Hojalata, _c2006. |
||
| 300 |
_a15 p. : _bprincipalmente il. col. |
||
| 440 | 0 | _aMitos y leyendas de Egipto | |
| 650 | 4 |
_aLibros y lectura para niños _92290 |
|
| 650 | 4 |
_aMITOLOGIA EGIPCIA - _vLITERATURA INFANTIL _913650 |
|
| 700 | 1 |
_aArias, Leo, _eil. |
|
| 905 | _aInfantil | ||
| 999 |
_c128570 _d128570 |
||